[Event "TCh-FIN 2001-02"]
[Site "FIN"]
[Date "2002.03.16"]
[Round "8"]
[White "Luukkonen,T"]
[Black "Nokso Koivisto,An"]
[Result "0-1"]
[WhiteElo "2171"]
[BlackElo "2239"]

1.c4 c5 2.Nf3 Nf6 3.Nc3 e6 4.g3 b6 5.Bg2 Bb7 6.O-O Be7 7.b3 d5 8.cxd5 Nxd5
9.Nxd5 Bxd5 10.Bb2 O-O 11.Qc2 Nd7 12.e4 Bb7 13.d4 cxd4 14.Nxd4 Rc8 15.Qe2 a6
16.Rfd1 Rc7 17.Bh3 Bf6 18.f4 Bxd4+ 19.Bxd4 Qe7 20.Qb2 f5 21.exf5 exf5 22.Re1 Qf7
23.Re2 Nc5 24.Be5 Rd7 25.Qc2 Be4 26.Qc3 Rfd8 27.Rae1 Qh5 28.Bg2 Nd3 29.Qc4+ Kh8
30.Qc3 Nxe1 31.Rxe1 Bxg2  0-1

[Event "Amber Rapidplay"]
[Site "Monaco MNC"]
[Date "2002.03.16"]
[Round "1"]
[White "Bareev,E"]
[Black "Ljubojevic,L"]
[Result "1-0"]
[WhiteElo "2707"]
[BlackElo "2548"]

1.c4 Nf6 2.Nf3 c5 3.Nc3 d5 4.cxd5 Nxd5 5.e3 e6 6.d4 cxd4 7.exd4 Bb4 8.Bd2 Nc6
9.Bd3 Be7 10.O-O Ndb4 11.Be4 Nxd4 12.Bf4 Nxf3+ 13.Qxf3 Qb6 14.Be3 Qa6 15.a3 Nc6
16.b4 Ne5 17.Qg3 Ng6 18.Rfd1 Qc4 19.Bd3 Qxc3 20.Bb5+ Bd7 21.Bxd7+ Kf8 22.Qf3 Kg8
23.Qxb7 Rd8 24.Qxa7 h5 25.Rac1 Qb2 26.Qa5 h4 27.h3 Bf6 28.Bc6 Rxd1+ 29.Rxd1 Kh7
30.Be4 Be5 31.Rb1 Qc3 32.Qc5 f5 33.Qxc3 Bxc3 34.Bf3 Ne5 35.Be2 Ra8 36.Rb3 Ba1
37.b5 Nf7 38.b6 Nd6 39.Bf3 Rb8 40.b7  1-0

[Event "Supercom Cup"]
[Site "Bucharest ROM"]
[Date "2002.03.17"]
[Round "1"]
[White "Musat,A"]
[Black "Ionescu,Co"]
[Result "1/2-1/2"]
[WhiteElo "2414"]
[BlackElo "2481"]

1.Nf3 Nf6 2.c4 c5 3.Nc3 e6 4.g3 b6 5.Bg2 Bb7 6.O-O d6 7.d4 cxd4 8.Qxd4 a6
9.Be3 Nbd7 10.Nd2 Bxg2 11.Kxg2 Be7 12.Rfd1 Rc8 13.Nde4 Rc6 14.Bg5 O-O 15.Nxf6+ Bxf6
16.Bxf6 Nxf6 17.Rd3 Qc7 18.Rad1 Rc8 19.Qe3 Ng4 20.Qd2 Ne5 21.Rxd6 Rxd6 22.Qxd6 Qxd6
23.Rxd6 Nxc4 24.Rd7 Nxb2 25.Ne4 Nc4 26.Nd6 Nxd6 27.Rxd6 Rb8 28.Rd7 Kf8 29.Ra7 a5
30.Kf3 Rc8 31.Rb7 Rc3+ 32.e3 Ra3 33.Rxb6 Rxa2 34.Ra6 g5 35.g4 Kg7 36.Kg3 Kg6
37.Ra7 h6 38.h3 a4 39.Ra5 a3 40.Ra7 Ra1 41.Kg2 a2 42.Ra6 h5 43.Kh2 h4 44.Kg2 Kg7
45.Ra8 f6 46.Ra5 Kf7 47.Ra4 Ke7 48.Ra6 Kd7 49.Ra4 Kc6 50.Ra5 Kb6 51.Ra8 Kb5
52.Rb8+ Kc4 53.Ra8 Kd3 54.Ra3+ Ke2 55.e4 Kd2 56.Ra5 Kd3 57.Kf3 Kd4 58.Ra4+ Kc3
59.Ra6 Rh1 60.Rxa2 Rxh3+ 61.Kg2 Rd3 62.Ra6 Kd4 63.Rxe6 h3+ 64.Kg1 Rf3 65.Kh2 Rxf2+
66.Kxh3 Rf3+ 67.Kg2  1/2-1/2

[Event "Masters"]
[Site "Pinamar ARG"]
[Date "2002.03.21"]
[Round "1"]
[White "Mohr,G"]
[Black "Sunye Neto,J"]
[Result "1/2-1/2"]
[WhiteElo "2509"]
[BlackElo "2531"]

1.Nf3 Nf6 2.c4 e6 3.Nc3 c5 4.g3 b6 5.Bg2 Bb7 6.O-O Be7 7.d4 cxd4 8.Qxd4 d6
9.Bg5 a6 10.Bxf6 Bxf6 11.Qe3 O-O 12.Rac1 Nd7 13.b3 Qb8 14.Rfd1 Rd8 15.Nd4 Bxg2
16.Kxg2 Qc7 17.f4 Bxd4 18.Rxd4 Nf6 19.Ne4  1/2-1/2

[Event "13th Goodricke"]
[Site "Calcutta IND"]
[Date "2002.03.24"]
[Round "8"]
[White "Lalic,B"]
[Black "Wong Zi Jing"]
[Result "1/2-1/2"]
[WhiteElo "2523"]
[BlackElo "2256"]

1.Nf3 Nf6 2.c4 g6 3.Nc3 c5 4.d4 cxd4 5.Nxd4 Bg7 6.e4 d6 7.Be2 Nc6 8.Be3 O-O
9.O-O a6 10.f3 Nxd4 11.Bxd4 Be6 12.Na4 Nd7 13.Bxg7 Kxg7 14.Qd4+ f6 15.Rfd1 Qa5
16.Nc3 Qb6 17.Qxb6 Nxb6 18.Nd5 Bxd5 19.exd5 a5 20.f4 Rfc8 21.Rac1 Rc5 22.Rc3 a4
23.Kf2 Rac8 24.Re3 Kf7 25.b3 axb3 26.axb3 Ra5 27.Rd2 Ra3 28.h4 Nd7 29.b4 Rca8
30.Rxa3 Rxa3 31.c5 dxc5 32.Bb5 Nb6 33.bxc5 Ra5 34.Be2 Rxc5 35.d6 exd6 36.Rxd6 Rc6
37.Rd8 Rc7 38.Bf3 Nd7 39.g4 Nc5 40.Rb8 Rd7  1/2-1/2

[Event "Supercom Cup"]
[Site "Bucharest ROM"]
[Date "2002.03.25"]
[Round "8"]
[White "Musat,A"]
[Black "Vasiesiu,D"]
[Result "1-0"]
[WhiteElo "2414"]
[BlackElo "2435"]

1.Nf3 Nf6 2.c4 c5 3.Nc3 e6 4.g3 b6 5.Bg2 Bb7 6.O-O Be7 7.d4 cxd4 8.Qxd4 d6
9.Rd1 a6 10.Be3 Nbd7 11.Nd2 Bxg2 12.Kxg2 Rc8 13.a4 O-O 14.Nde4 Rc6 15.f3 Qc7
16.b3 Nc5 17.Rab1 Rb8 18.Nd5 exd5 19.cxd5 Nxb3 20.Rxb3 Rc4 21.Nxf6+ Bxf6
22.Qd3 Rxa4 23.Rc1 Qe7 24.Rxb6 Re8 25.Qb3 Ra1 26.Rxa1 Bxa1 27.Qa3 Bf6 28.Rxa6 h5
29.Ra8 Rxa8 30.Qxa8+ Kh7 31.Qa3 g6 32.Kf1 h4 33.Bf4 hxg3 34.Bxg3 Bd4 35.Qd3 Bc5
36.Qd2 Be3 37.Qb4 Qc7 38.Bf2 Qc1+ 39.Kg2 Bf4 40.Bg3 Be3 41.Bf2 Bxf2 42.Kxf2 Qc7
43.Qh4+ Kg8 44.Qe4 Qc3 45.Kg2 Qd2 46.h4 Kg7 47.f4 Qe1 48.Qd4+ Kh7 49.Qf2 Qd1
50.Qf3 Kg7 51.e4 Qd2+ 52.Kh3 Qd4 53.f5 gxf5 54.Qxf5 Qe3+ 55.Kg4 f6 56.Qf4 Qe2+
57.Qf3 Qc4 58.Kh5 Qd4 59.Qg4+ Kh7 60.Qg6+ Kh8 61.Qe8+ Kg7 62.Qe7+ Kg8 63.Kg6 Qg1+
64.Kxf6 Qf1+ 65.Kg6  1-0

[Event "57th ch-YUG"]
[Site "Banja Koviljaca YUG"]
[Date "2002.03.27"]
[Round "11"]
[White "Arsovic,G"]
[Black "Antic,D"]
[Result "1-0"]
[WhiteElo "2437"]
[BlackElo "2470"]

1.Nf3 Nf6 2.c4 c5 3.Nc3 d5 4.cxd5 Nxd5 5.d4 Nxc3 6.bxc3 g6 7.e3 Bg7 8.Bb5+ Nc6
9.O-O O-O 10.a4 Bd7 11.Ba3 cxd4 12.cxd4 a6 13.Bd3 Re8 14.Nd2 Be6 15.Rb1 Bd5
16.Bc5 f5 17.Bc4 Rb8 18.Bb6 Qd7 19.Bxd5+ Qxd5 20.Qb3 e6 21.Qxd5 exd5 22.g3 g5
23.Nf3 Bf6 24.Rfc1 Re7 25.Bc5 Rd7 26.Rb2 Na5 27.Nd2  1-0

[Event "SVK-Cup"]
[Site "Trencianske Teplice SVK"]
[Date "2002.03.31"]
[Round "3"]
[White "Navara,D"]
[Black "Simacek,P"]
[Result "1-0"]
[WhiteElo "2531"]
[BlackElo "2411"]

1.c4 c5 2.Nf3 Nf6 3.Nc3 b6 4.g3 Bb7 5.Bg2 e6 6.b3 Be7 7.Bb2 d6 8.O-O O-O
9.d4 cxd4 10.Nxd4 Bxg2 11.Kxg2 Qd7 12.e4 Nc6 13.Nxc6 Qxc6 14.Qd4 Rfd8 15.Rfd1 Ne8
16.Rac1 Bf6 17.Qd3 g6 18.f3 Bg7 19.Qd2 a6 20.Ne2 Bxb2 21.Qxb2 Qb7 22.Rc2 g5
23.Qd4 Rab8 24.Rcd2 b5 25.c5 g4 26.Ng1 dxc5 27.Qxc5 Rxd2+ 28.Rxd2 gxf3+ 29.Nxf3 Qxe4
30.Rd4 Qe2+ 31.Kh3 Qf1+ 32.Kh4 Ng7 33.Rg4 Kh8 34.Qe5 Rg8 35.Rf4 Qd1 36.Rxf7 Qd5
37.g4 Qxe5 38.Nxe5 Rc8 39.Kg5 Ne8 40.Kh6 Kg8 41.Re7 a5 42.a3 Kf8 43.Rxh7 Nd6
44.Nd7+ Ke8 45.Nf6+ Kf8 46.Kg6 a4 47.bxa4 bxa4 48.Rd7 Rc6 49.h4  1-0

[Event "FSIMA April"]
[Site "Budapest HUN"]
[Date "2002.04.02"]
[Round "1"]
[White "Vismara,D"]
[Black "Balogh,V"]
[Result "1/2-1/2"]
[WhiteElo "2295"]
[BlackElo "2236"]

1.Nf3 Nf6 2.c4 e6 3.Nc3 c5 4.g3 b6 5.Bg2 Bb7 6.O-O Be7 7.Re1 O-O 8.e4 d6
9.d4 cxd4 10.Nxd4 Qc8 11.Be3 Nbd7 12.f4 a6 13.Rc1 Qc7 14.g4 Nb8 15.g5 Nfd7
16.f5 e5 17.Nd5 Bxd5 18.cxd5 Nc5 19.Ne2 a5 20.Ng3 Re8 21.f6 Bf8 22.fxg7 Bxg7
23.Qh5 Nbd7 24.Nf5 Nf8 25.Rf1 Ra7 26.Rc3 Rd8 27.Nh6+ Bxh6 28.gxh6 Ng6 29.Qg4 Qd7
30.Rf5 f6 31.h4 Kh8 32.h5 Nf4 33.Rxf4 exf4 34.Qxf4 Rf8 35.Bd4 Qd8 36.Rg3 Raf7
37.Bh3 Qe7 38.Bxc5 bxc5 39.Be6 Rg8 40.Rxg8+ Kxg8 41.Qf5 Kh8 42.Bxf7 Qxf7
43.Kf2 Kg8 44.Ke3 Kf8 45.Kd3 Qe7 46.Qg4 Qe5 47.Qg7+ Ke8 48.Qg8+ Kd7 49.Qxh7+ Kc8
50.Qg8+ Kb7 51.h7 Qd4+ 52.Ke2 Qxe4+ 53.Kf2 Qf4+ 54.Kg2 Qe4+ 55.Kh2 Qh4+ 56.Kg2 Qe4+
57.Kf2 Qf4+ 58.Kg1 Qd4+ 59.Kf1 Qf4+ 60.Ke2 Qe4+ 61.Kf2 Qf4+ 62.Ke2  1/2-1/2

[Event "FSIMA April"]
[Site "Budapest HUN"]
[Date "2002.04.04"]
[Round "3"]
[White "Vismara,D"]
[Black "Eperjesi,L"]
[Result "0-1"]
[WhiteElo "2295"]
[BlackElo "2322"]

1.Nf3 Nf6 2.c4 e6 3.Nc3 c5 4.g3 b6 5.Bg2 Bb7 6.O-O Nc6 7.e4 Qb8 8.Re1 d6
9.d4 Nxd4 10.Nxd4 cxd4 11.Qxd4 Be7 12.b3 O-O 13.Ba3 Rd8 14.Rad1 Bf8 15.Rd2 Bc6
16.Red1 Rd7 17.h3 a6 18.Qe3 Raa7 19.f4 b5 20.cxb5 axb5 21.Bb4 Ne8 22.Kh2 Qa8
23.Bf1 g6 24.Bd3 Rdb7 25.Bb1 Rb8 26.g4 Rc8 27.g5 Qb8 28.Rc1 Ba8 29.Bd3 d5
30.Bxf8 d4 31.Qxd4 Qxf4+ 32.Kh1 Qxd2 33.Rc2 Qe1+ 34.Kh2 Rxc3 35.Re2 Qc1 36.Bb4 Qf4+
37.Kg2 Rxd3 38.Qxd3 Rxa2 39.Bd2 Bxe4+ 40.Qxe4 Qxe4+ 41.Rxe4 Rxd2+ 42.Kf1 Nd6
43.Re3 Kg7 44.Rc3 Ne4 45.Rc7 Rb2 46.h4 Rxb3 47.h5 gxh5 48.Rd7 h4 49.Kg1 Rb2
50.Rd3 Kg6 51.Re3 Nxg5 52.Kh1 b4 53.Rf3 Rb1+ 54.Kg2 Nxf3 55.Kh3 Rh1+ 56.Kg4  0-1

[Event "New White Plus GM open"]
[Site "Dhaka BAN"]
[Date "2002.04.04"]
[Round "6"]
[White "Mishra,N"]
[Black "Fominyh,A"]
[Result "0-1"]
[WhiteElo "2321"]
[BlackElo "2536"]

1.c4 c5 2.Nf3 Nf6 3.Nc3 e6 4.g3 b6 5.Bg2 Bb7 6.O-O Be7 7.d4 cxd4 8.Qxd4 d6
9.Rd1 O-O 10.b3 Nbd7 11.Bb2 a6 12.Rac1 Qc7 13.Ng5 Bxg2 14.Kxg2 Qb7+ 15.f3 b5
16.cxb5 axb5 17.Qb4 Rfb8 18.a3 Nc5 19.Nce4 Ncxe4 20.Nxe4 Ne8 21.Qd2 d5 22.Nc5 Qa7
23.Bd4 e5 24.Bxe5 Bxc5 25.Bxb8 Rxb8 26.Qxd5 Bxa3 27.Rc2 g6 28.Qc6 Ng7 29.Rd7 Qa8
30.Qf6 Rf8 31.e4 Ne6 32.h4 Qe8 33.Rd5 Be7 34.Qe5 b4 35.h5 Qa8 36.Rd7 Re8
37.h6 Bg5 38.Qd6 Qb8 39.Qd5 Bxh6 40.Rb7 Qa8 41.Qd7 Rf8 42.Rxb4 Qa5 43.Ra4 Qe1
44.Qa7 Qb1 45.Raa2 Qxb3 46.Rcb2 Qc4 47.Qa4 Qc1 48.Rc2 Qg5 49.Qa5 Qe7 50.Qa3 Qd7
51.Qa4 Qc8 52.Re2 Bg5 53.Qa5 Qb8 54.Qa7 Qd6 55.Qa3 Qd4 56.Qa4 Qf6 57.e5 Qd8
58.f4 Be7 59.Red2 Qb6 60.Rab2 Qc5 61.Qb5 Qc1 62.Qf1 Qc7 63.Qf3 Nc5 64.Ra2 Qc8
65.Ra7 Re8 66.Rc2 Qf5 67.Rca2 Ne6 68.Qc6 Kf8 69.Qc2 Qg4 70.Qe4 h5 71.Qf3 Qf5
72.Ra8 Bd8 73.Rd2 h4 74.Rb8 hxg3 75.Qa3+ Kg7 76.Qxg3 Nxf4+ 77.Kg1 Bh4  0-1

[Event "FSGMA April"]
[Site "Budapest HUN"]
[Date "2002.04.05"]
[Round "4"]
[White "Flumbort,A"]
[Black "Vajda,L"]
[Result "1-0"]
[WhiteElo "2414"]
[BlackElo "2539"]

1.Nf3 c5 2.c4 Nf6 3.Nc3 e6 4.g3 d5 5.cxd5 exd5 6.d4 Nc6 7.Bg2 a6 8.O-O Be6
9.b3 Be7 10.Bb2 O-O 11.dxc5 Bxc5 12.Na4 Bd6 13.Rc1 Qe7 14.Nb6 Rad8 15.Nd4 Ne5
16.Qc2 Bb8 17.Qc3 Rfe8 18.Nxe6 fxe6 19.Na4 Ned7 20.Qd2 b5 21.Nc3 Ba7 22.e3 Nc5
23.Rfd1 b4 24.Na4 Nfe4 25.Qe1 Nxa4 26.bxa4 Nf6 27.Rc6 e5 28.Rxa6 Qf7 29.Qxb4 Rb8
30.Qd2 d4 31.exd4 Red8 32.Qe2 exd4 33.Ba1 d3 34.Qf3 d2 35.Bxf6 gxf6 36.Rxf6 Qe7
37.Bf1 Rb4 38.Rf4 Rxf4 39.Qxf4 Rf8 40.Qc4+ Kh8 41.Qc3+ Rf6 42.Rxd2 Kg7 43.Qc8 Rf7
44.Qg4+ Kf8 45.Qc8+ Kg7 46.Qg4+ Kf8 47.Rc2 Qe5 48.Rc8+ Ke7 49.Qb4+ Kf6 50.Rc6+ Kg7
51.Qg4+ Kf8 52.Rc8+ Ke7 53.Qb4+ Kf6 54.Rf8 Bd4 55.Rxf7+ Kxf7 56.Qb7+ Kf6
57.Qc6+ Kg7 58.Qf3 h5 59.Bc4 Qe1+ 60.Kg2 Bf6 61.Qf5 h4 62.Be6  1-0

[Event "IDJM"]
[Site "Augsburg GER"]
[Date "2002.04.08"]
[Round "9"]
[White "Langheinrich,F"]
[Black "Rau,H"]
[Result "1/2-1/2"]
[WhiteElo "2405"]
[BlackElo "2297"]

1.Nf3 Nf6 2.c4 e6 3.Nc3 c5 4.e3 b6 5.b3 Bb7 6.Bb2 Be7 7.Be2 O-O 8.O-O a6
9.Rc1 d5 10.cxd5 exd5 11.d4 Nbd7 12.Rc2 Rc8 13.Qc1 Qc7 14.Rd1 Rfd8 15.Na4 Ne4
16.dxc5 bxc5 17.Nd4 Bd6 18.g3 Qb8 19.Nf5 Bf8 20.Nh4 Re8 21.Ng2 Rcd8 22.Nf4 Ne5
23.f3 Ng5 24.Bxe5 Qxe5 25.Nxc5 Ba8 26.Kf2 d4 27.e4 f5 28.Ncd3 Qa5 29.e5 Nf7
30.e6 Ng5 31.Nc5 Bxc5 32.Rxc5 Qxa2 33.Qc2 Qxc2 34.Rxc2 Kf8 35.Rc5 g6 36.Rc4 Nxe6
37.Nxe6+ Rxe6 38.Rcxd4 Rxd4 39.Rxd4 Ke7 40.Bc4 Rb6 41.Ke3 h6 42.Rd2 Bc6 43.Ra2 Bb5
44.Kd4 Rd6+ 45.Kc5 Rc6+ 46.Kb4 Bxc4 47.bxc4 g5 48.c5 f4 49.gxf4 gxf4 50.Kc4 Re6
51.Kd5 h5 52.Ra4 Re2 53.h4 Kd7 54.Rxa6 Rd2+ 55.Ke5 Rh2 56.Rh6 Rxh4 57.Kd5 Rh1
58.Rh7+ Kd8 59.Kd6 Rd1+ 60.Kc6 Rd3 61.Rh8+ Ke7 62.Rxh5 Rxf3 63.Kc7 Rc3 64.c6 Ke6
65.Rh6+ Ke5  1/2-1/2

[Event "1st It"]
[Site "Asuncion PAR"]
[Date "2002.04.09"]
[Round "2"]
[White "Valiente,C"]
[Black "Dorin,M"]
[Result "0-1"]
[WhiteElo "2331"]
[BlackElo "2389"]

1.c4 Nf6 2.Nc3 c5 3.Nf3 g6 4.g3 Bg7 5.Bg2 d5 6.O-O O-O 7.d3 d4 8.Na4 Nfd7
9.a3 Na6 10.Bd2 Rb8 11.b4 b6 12.Rb1 Bb7 13.e3 e5 14.exd4 cxd4 15.Re1 Re8
16.Qc2 Rc8 17.Qa2 h6 18.Nh4 Bxg2 19.Kxg2 Qc7 20.Nb2 Kh7 21.Qb3 f5 22.c5 bxc5
23.b5 c4 24.Nxc4 Nac5 25.Qc2 Nxd3 26.Qxd3 Qxc4 27.Qxc4 Rxc4 28.Rbc1 Rec8
29.Kf1 e4 30.Ng2 Ne5 31.Rxc4 Nxc4 32.Bb4 g5 33.h4 Kg6 34.Rb1 Bf8 35.a4 d3
36.Ke1 Bxb4+ 37.Rxb4 Rc7 38.hxg5 hxg5 39.Ne3 Nxe3 40.fxe3 Rc1+ 41.Kd2 Rc2+
42.Kd1 Kh5 43.a5 Kg4 44.b6 axb6 45.axb6 Rc8 46.Rb5 Rb8 47.Kd2 Rb7 48.Rb1 Kxg3  0-1

[Event "III Open"]
[Site "Dos Hermanas ESP"]
[Date "2002.04.10"]
[Round "6"]
[White "Matamoros Franco,C"]
[Black "Fernandez Romero,Ern"]
[Result "1/2-1/2"]
[WhiteElo "2456"]
[BlackElo "2347"]

1.Nf3 Nf6 2.c4 c5 3.Nc3 d5 4.cxd5 Nxd5 5.d4 e6 6.e4 Nxc3 7.bxc3 cxd4 8.cxd4 Bb4+
9.Bd2 Bxd2+ 10.Qxd2 O-O 11.Bc4 b6 12.O-O Bb7 13.Rfe1 Nd7 14.Bd3 Qe7 15.Qb2 Rfd8
16.a4 a5 17.Qe2 Nb8 18.Rab1  1/2-1/2

[Event "FSGMA April"]
[Site "Budapest HUN"]
[Date "2002.04.11"]
[Round "10"]
[White "Flumbort,A"]
[Black "Kallio,H"]
[Result "1/2-1/2"]
[WhiteElo "2436"]
[BlackElo "2522"]

1.Nf3 c5 2.c4 Nf6 3.Nc3 e6 4.g3 d5 5.cxd5 exd5 6.d4 Nc6 7.Bg2 Be7 8.O-O O-O
9.b3 Be6 10.Bb2 b6 11.Rc1 Rc8 12.Na4 Ne4 13.dxc5 bxc5 14.Ne1 f5 15.Nd3 c4
16.Ne5  1/2-1/2

[Event "6th Linklater Mem"]
[Site "San Francisco USA"]
[Date "2002.04.12"]
[Round "10"]
[White "Nambiar,V"]
[Black "Mezentsev,V"]
[Result "1-0"]
[WhiteElo "2203"]
[BlackElo "2400"]

1.Nf3 c5 2.c4 Nf6 3.Nc3 g6 4.g3 Bg7 5.Bg2 O-O 6.O-O d5 7.cxd5 Nxd5 8.Nxd5 Qxd5
9.d3 Nc6 10.Be3 Qd6 11.Rc1 Nd4 12.Nxd4 cxd4 13.Bf4 e5 14.Bd2 a5 15.Qb3 Ra6
16.Qd5 Qxd5 17.Bxd5 Rd6 18.Bf3 b6 19.b4 Bh3 20.Rfd1 Rc8 21.Rxc8+ Bxc8 22.Rc1 Be6
23.bxa5 bxa5 24.Bxa5 Ra6 25.Rc5 Bf8 26.Rxe5 Bxa2 27.Rb5 Be6 28.Kg2 h5 29.Bb4 Bg7
30.Bd5 Bf6 31.h4 Bg7 32.Bxe6 Rxe6 33.Kf1 Ra6 34.Bc5 Ra8 35.Rb4 Rd8 36.Kg2 f5
37.Kf3 Rd7 38.Ra4 Be5 39.e3 dxe3 40.Kxe3 Kf7 41.d4 Bc7 42.f4 Bd8 43.Kd3 Rb7
44.Kc4 Bf6 45.Kd5 Rd7+ 46.Kc6 Ke6 47.Ra2 Rxd4 48.Bxd4 Bxd4 49.Re2+ Kf7 50.Kd5 Bc3
51.Re3 Bd2 52.Rb3 Kf6 53.Rb6+ Kf7 54.Rc6 Be1 55.Ke5 Kg7 56.Rc7+ Kh6 57.Kf6 Bxg3
58.Rg7 Bxh4+ 59.Kf7 Bf2 60.Kg8  1-0

[Event "III Open"]
[Site "Dos Hermanas ESP"]
[Date "2002.04.13"]
[Round "9"]
[White "Pogorelov,R"]
[Black "Lalic,B"]
[Result "0-1"]
[WhiteElo "2460"]
[BlackElo "2523"]

1.Nf3 Nf6 2.c4 c5 3.Nc3 d5 4.cxd5 Nxd5 5.d4 Nxc3 6.bxc3 g6 7.e4 Bg7 8.Rb1 O-O
9.Be2 Nc6 10.d5 Ne5 11.Nxe5 Bxe5 12.Qd2 e6 13.f4 Bc7 14.O-O exd5 15.exd5 Ba5
16.d6 b6 17.Bf3 Rb8 18.Bb2 Bf5 19.Rbe1 b5 20.Be4 Rb6 21.Bxf5 Rxd6 22.Qe2 gxf5
23.Qxb5 Qb6 24.a4 c4+ 25.Qxb6 Rxb6 26.Ba3 Bxc3 27.Bxf8 Bxe1 28.Bc5 Re6 29.Bf2 Bd2
30.Rb1 Rc6 31.Bd4 f6 32.Rb2 c3 33.Rc2 Rc4 34.Bxf6 Rxf4 35.g3 Rxa4 36.Bxc3 Be3+
37.Kg2 Rc4 38.Kf3 Bd4 39.Bxd4 Rxc2 40.Bxa7 Rxh2 41.g4 Ra2 42.Bb6 fxg4+ 43.Kxg4 Kg7
44.Bc7 Kg6 45.Bd6 Ra6 46.Bc7 Ra4+ 47.Kh3 Kh5 48.Kg3 Rg4+ 49.Kh3 Rc4 50.Be5 Re4
51.Bc7 Re3+ 52.Kg2 Kg4 53.Bb6 Re2+ 54.Kh1 Re6 55.Ba7 Kh3 56.Bc5 h5 57.Ba7 Re1+
58.Bg1 Re2 59.Bb6 Rh2+ 60.Kg1 Rb2 61.Bc5 Rb1+ 62.Kf2 Rb5 63.Bd6 Rg5 64.Bb8 h4
65.Ba7 Rg2+ 66.Kf3 Rg7 67.Bc5 Rf7+  0-1

[Event "XI ch-MKD"]
[Site "Gevgelija MKD"]
[Date "2002.04.13"]
[Round "12"]
[White "Stamenkov,V"]
[Black "Stanojoski,Z"]
[Result "1/2-1/2"]
[WhiteElo "2417"]
[BlackElo "2455"]

1.Nf3 Nf6 2.c4 g6 3.Nc3 c5 4.e3 Bg7 5.d4 O-O 6.h3 cxd4 7.exd4 d5 8.Be3 Nc6
9.c5 Ne4 10.Bb5 Qa5 11.Qa4 Nxc3 12.Qxa5 Nxa5 13.bxc3 b6 14.cxb6 axb6 15.Ke2 Ba6
16.Rhb1 Rfc8 17.Kd3 Nc4 18.a4 Nd6 19.Bxa6 Rxa6 20.Nd2 Rca8 21.Bf4 Nc8 22.Rb5 e6
23.Bc7 R8a7 24.Bb8 Rxa4 25.Bxa7 Rxa1 26.Bxb6 Nxb6 27.Rxb6 Bh6 28.Rb2 Kg7
29.Nf3 Bc1 30.Rc2 h5 31.c4 dxc4+ 32.Rxc4 Bh6 33.Rc2 Kf6 34.Ke2 Bf4 35.Rb2 g5
36.g3 Bc7 37.Rb5 Ra2+ 38.Kf1 Ra5 39.Rxa5 Bxa5 40.g4 hxg4 41.hxg4 Bc7 42.Ke2  1/2-1/2

[Event "ch-YUG w"]
[Site "Kotor YUG"]
[Date "2002.04.14"]
[Round "2"]
[White "Prudnikova,S"]
[Black "Djuric,Ve"]
[Result "1-0"]
[WhiteElo "2422"]
[BlackElo "2082"]

1.Nf3 Nf6 2.c4 e6 3.Nc3 c5 4.g3 b6 5.Bg2 Bb7 6.O-O Be7 7.Re1 O-O 8.e4 d6
9.d4 cxd4 10.Nxd4 Qc8 11.Be3 a6 12.Rc1 Nbd7 13.f4 Qc7 14.f5 Nc5 15.Bf2 exf5
16.Nxf5 Rfe8 17.Nd5 Nxd5 18.cxd5 a5 19.e5 Qd7 20.Qg4 g6 21.Bxc5 Qxf5 22.Qxf5 gxf5
23.Bxd6 Bxd6 24.exd6 Rxe1+ 25.Rxe1 Rd8 26.Re7 Ba6 27.Re5 Rxd6 28.Rxf5 Kg7
29.Kf2 Bc4 30.b3 Bd3 31.Re5 Kf6 32.Re3 Bb5 33.g4 a4 34.Kg3 axb3 35.axb3 Ba6
36.Kf4 Bb7 37.g5+ Kg6 38.Be4+ Kg7 39.Ke5 Rd8 40.Rh3  1-0

[Event "ch-YUG w"]
[Site "Kotor YUG"]
[Date "2002.04.15"]
[Round "3"]
[White "Kostic,M"]
[Black "Urosevic,M"]
[Result "1/2-1/2"]
[WhiteElo "2170"]
[BlackElo "2045"]

1.c4 Nf6 2.Nc3 c5 3.Nf3 b6 4.d4 cxd4 5.Nxd4 Bb7 6.f3 d6 7.e4 e6 8.Be3 Be7
9.Be2 O-O 10.O-O a6 11.Qd2 Nbd7 12.a4 Qc7 13.a5 Rac8 14.Rfc1 Bd8 15.axb6 Nxb6
16.b3 Qb8 17.Nc2 Nbd7 18.Nb4 Nc5 19.Bd1 Bc7 20.g3 Nfd7 21.Na4 Nxa4 22.Rxa4 a5
23.Nd3 Rfd8 24.Qf2 Bc6 25.Raa1 Qb7 26.Rcb1 Ra8 27.Rc1 Rdb8 28.Kf1 d5 29.cxd5 exd5
30.Qc2 Bb5 31.Qxc7 Bxd3+ 32.Kf2 dxe4 33.Qxb7 Rxb7 34.Rc3 Nf6 35.Rxa5 Rd8
36.Bd4 h6 37.Bxf6 gxf6 38.Ke3 Re7 39.f4 Kg7 40.Bg4 Rb8 41.Bf5 Reb7 42.Ra3 Rb4
43.g4 R8b7 44.Bc8 Rb8 45.h4 R8b6 46.Bd7 Bb5 47.Bf5 Bd3 48.h5 Rb8 49.Kd2 R8b6
50.Kc1 Rb7 51.Bc8 R7b6 52.Bf5 Rb7 53.Kb2 R7b6 54.Ka2 Bb5 55.Ra7 Ra6+ 56.Rxa6 Bxa6
57.Ka3 Rd4 58.Re3 Bd3 59.Kb2 Rd5 60.Kc3 Rb5 61.b4 Kf8 62.Re1 Re5 63.Re3 Rb5
64.Rh3 Rd5 65.Re3 Rb5 66.Bd7 Rb7 67.Ba4 Rc7+ 68.Kb2 Ke7 69.b5 Rb7 70.Kc3 Bxb5
71.Rxe4+ Kf8 72.Bb3 Kg7 73.Bc2 Bc6 74.Rc4 Bf3 75.Bf5 Bd5 76.Rc5 Be6 77.Be4 Rb3+
78.Kc2 Rg3 79.Bf5 Bxf5+ 80.Rxf5 Rxg4  1/2-1/2

[Event "ch-YUG w"]
[Site "Kotor YUG"]
[Date "2002.04.15"]
[Round "3"]
[White "Kostic,M"]
[Black "Urosevic,M"]
[Result "1/2-1/2"]
[WhiteElo "2170"]
[BlackElo "2045"]

1.c4 Nf6 2.Nc3 c5 3.Nf3 b6 4.d4 cxd4 5.Nxd4 Bb7 6.f3 d6 7.e4 e6 8.Be3 Be7
9.Be2 O-O 10.O-O a6 11.Qd2 Nbd7 12.a4 Qc7 13.a5 Rac8 14.Rfc1 Bd8 15.axb6 Nxb6
16.b3 Qb8 17.Nc2 Nbd7 18.Nb4 Nc5 19.Bd1 Bc7 20.g3 Nfd7 21.Na4 Nxa4 22.Rxa4 a5
23.Nd3 Rfd8 24.Qf2 Bc6 25.Raa1 Qb7 26.Rcb1 Ra8 27.Rc1 Rdb8 28.Kf1 d5 29.cxd5 exd5
30.Qc2 Bb5 31.Qxc7 Bxd3+ 32.Kf2 dxe4 33.Qxb7 Rxb7 34.Rc3 Nf6 35.Rxa5 Rd8
36.Bd4 h6 37.Bxf6 gxf6 38.Ke3 Re7 39.f4 Kg7 40.Bg4 Rb8 41.Bf5 Reb7 42.Ra3 Rb4
43.g4 R8b7 44.Bc8 Rb8 45.h4 R8b6 46.Bd7 Bb5 47.Bf5 Bd3 48.h5 Rb8 49.Kd2 R8b6
50.Kc1 Rb7 51.Bc8 R7b6 52.Bf5 Rb7 53.Kb2 R7b6 54.Ka2 Bb5 55.Ra7 Ra6+ 56.Rxa6 Bxa6
57.Ka3 Rd4 58.Re3 Bd3 59.Kb2 Rd5 60.Kc3 Rb5 61.b4 Kf8 62.Re1 Rd5 63.Re3 Rb5
64.Rh3 Rd5 65.Re3 Rb5 66.Bd7 Rb7 67.Ba4 Rc7+ 68.Kb2 Ke7 69.b5 Rb7 70.Kc3 Bxb5
71.Rxe4+ Kf8 72.Bb3 Kg7 73.Bc2 Bc6 74.Rc4 Bf3 75.Bf5 Bd5 76.Rc5 Be6 77.Be4 Rb3+
78.Kc2 Rg3 79.Bf5 Bxf5+ 80.Rxf5 Rxg4  1/2-1/2

[Event "Classics GM"]
[Site "Gausdal NOR"]
[Date "2002.04.17"]
[Round "8"]
[White "Royset,P"]
[Black "Ostenstad,B"]
[Result "0-1"]
[WhiteElo "2280"]
[BlackElo "2438"]

1.Nf3 Nf6 2.c4 e6 3.Nc3 c5 4.e4 Nc6 5.d4 cxd4 6.Nxd4 Bb4 7.Nxc6 bxc6 8.Bd3 e5
9.O-O d6 10.Bg5 Bxc3 11.bxc3 Qa5 12.Bc2 Ke7 13.f4 Qxc3 14.fxe5 Qxe5 15.Qd2 Rd8
16.Rae1 Be6 17.Ba4 Rab8 18.Bb3 Kf8 19.Rxf6 gxf6 20.Bh4 Ke7 21.Rf1 Qc5+ 22.Kh1 Rg8
23.Rxf6 Kd7 24.Qf4 Rbf8 25.h3 a6 26.Qf1 Rg6 27.Rxg6 hxg6 28.Qf6 Re8 29.Bg3 Qe3
30.Kh2 Qxe4 31.Qf2 Rc8 32.Qd2 d5 33.Qb4 dxc4 34.Qb7+ Ke8 35.Bd6 Bd7 36.Bd1 Qd4  0-1

[Event "9th Hotel Opatija IM"]
[Site "Kastav CRO"]
[Date "2002.04.17"]
[Round "8"]
[White "Rukavina,J"]
[Black "Krkljes,S"]
[Result "1-0"]
[WhiteElo "2368"]
[BlackElo "2098"]

1.Nf3 Nf6 2.c4 c5 3.Nc3 e6 4.g3 b6 5.Bg2 Bb7 6.O-O Be7 7.d4 cxd4 8.Qxd4 d6
9.Rd1 a6 10.b3 Nbd7 11.Bb2 O-O 12.e4 Rc8 13.Qe3 Rc7 14.Nd4 Qa8 15.h3 Re8
16.Re1 Bf8 17.Rad1 g6 18.Nf3 Rcc8 19.Qd4 Bg7 20.Qe3 Nc5 21.Rxd6 Nfxe4 22.Rdd1 Nf6
23.Re2 Red8 24.Red2 Rxd2 25.Rxd2 h6 26.Ne2 Nce4 27.Rc2 b5 28.Ne5 bxc4 29.bxc4 Ng5
30.f3 Nd5 31.Qb3 Ne7 32.Kf2 Nf5 33.Nd7 Qa7+ 34.Qb6 Qxb6+ 35.Nxb6 Rc7 36.Bxg7 Kxg7
37.h4 Nh7 38.Bh3 e5 39.Bxf5 gxf5 40.f4 Nf6 41.fxe5 Ng4+ 42.Ke1 Nxe5 43.Nd4 Be4
44.Rc3 Rc5 45.Kd2 Kg6 46.Ke3 Kh5 47.Ne2 Rc6 48.c5 Nd3 49.Nf4+ Nxf4 50.Kxf4 f6
51.g4+ fxg4 52.Kxe4 Kxh4 53.Nd5 Kg5 54.Nb4 Re6+ 55.Kd4 a5 56.Nc2 Kf4 57.c6 g3
58.c7 g2 59.c8=Q g1=Q+ 60.Kc4 Qb6 61.Rf3+ Kxf3 62.Nd4+ Kg3 63.Nxe6 Qb4+ 64.Kd3 Qb1+
65.Ke3 Qe1+ 66.Kd4 Qe5+ 67.Kc4 Qe2+ 68.Kb3 Qd1+ 69.Ka3 Qd6+ 70.Nc5 Qb6 71.Qg8+ Kh3
72.Qc4 Qb4+ 73.Qxb4 axb4+ 74.Kxb4 f5 75.a4 f4 76.a5 Kg2 77.a6 f3 78.Nd3 h5
79.a7 h4 80.a8=Q h3 81.Nf4+  1-0

[Event "Open"]
[Site "Dubai UAE"]
[Date "2002.04.18"]
[Round "4"]
[White "Taleb,M"]
[Black "Anastasian,A"]
[Result "1-0"]
[WhiteElo "2439"]
[BlackElo "2591"]

1.Nf3 c5 2.c4 Nf6 3.Nc3 e6 4.g3 b6 5.Bg2 Bb7 6.O-O Be7 7.b3 O-O 8.Bb2 d6
9.d4 cxd4 10.Qxd4 a6 11.Qd3 Nbd7 12.Rac1 Qc7 13.Rfd1 Rfd8 14.Nd4 Bxg2 15.Kxg2 Rac8
16.Kg1 h6 17.Qf3 Ne5 18.Qg2 Qd7 19.Rc2 Nc6 20.Nxc6 Rxc6 21.Rcd2 Rcc8 22.Ne4 Ne8
23.a4 Qc7 24.Qf3 b5 25.axb5 axb5 26.cxb5 Qa5 27.Qd3 d5 28.Nc3 Bb4 29.Rc2 Nd6
30.Ra1 Qb6 31.Ra6 Qc5 32.Rc1 Rb8 33.Na2 Nc4 34.bxc4 dxc4 35.Qxc4 Rd1+ 36.Kg2 Rxc1
37.Qxc1 Qxb5 38.Qc6 Qxe2 39.Ra8 Rxa8 40.Qxa8+ Bf8 41.Ba3 Qxa2 42.Qxf8+ Kh7
43.Qa8 Qc2 44.Qf3 f6 45.Bb4 e5 46.Ba5 Kh8 47.Bb6 Kh7 48.Be3 Qd3 49.h4 Kh8
50.g4 Kg8 51.Qa8+ Kh7 52.Qc6 Qd1 53.Qe4+ Kh8 54.g5  1-0